The adult children of alcoholics syndrome : (Record no. 1778)
[ view plain ]
| 000 -LEADER | |
|---|---|
| fixed length control field | 00801cam a2200241I 4500 |
| 001 - CONTROL NUMBER | |
| control field | 17600222 |
| 003 - CONTROL NUMBER IDENTIFIER | |
| control field | OSt |
| 005 - DATE AND TIME OF LATEST TRANSACTION | |
| control field | 20180920180603.0 |
| 008 - FIXED-LENGTH DATA ELEMENTS--GENERAL INFORMATION | |
| fixed length control field | 880309s1988 onca 000 0 eng d |
| 020 ## - INTERNATIONAL STANDARD BOOK NUMBER | |
| International Standard Book Number | 0553272799 (pbk.) |
| 040 ## - CATALOGING SOURCE | |
| Original cataloging agency | EZH |
| Transcribing agency | EZH |
| Modifying agency | TDS |
| -- | DAY |
| 082 ## - DEWEY DECIMAL CLASSIFICATION NUMBER | |
| Classification number | 362.29 |
| Item number | K9295A |
| 100 1# - MAIN ENTRY--PERSONAL NAME | |
| Personal name | Kritsberg, Wayne, |
| Dates associated with a name | 1942- |
| 245 14 - TITLE STATEMENT | |
| Title | The adult children of alcoholics syndrome : |
| Remainder of title | from discovery to recovery / |
| Statement of responsibility, etc. | by Wayne Kritsberg |
| 260 ## - PUBLICATION, DISTRIBUTION, ETC. | |
| Place of publication, distribution, etc. | Toronto ; |
| -- | New York, N.Y. : |
| Name of publisher, distributor, etc. | Bantam Books, |
| Date of publication, distribution, etc. | 1988 |
| 300 ## - PHYSICAL DESCRIPTION | |
| Extent | xii, 158 p. : |
| Other physical details | ill. ; |
| Dimensions | 18 cm |
| 650 #0 - SUBJECT ADDED ENTRY--TOPICAL TERM | |
| Topical term or geographic name entry element | Children of alcoholics |
| General subdivision | Psychological aspects |
| 650 #0 - SUBJECT ADDED ENTRY--TOPICAL TERM | |
| Topical term or geographic name entry element | Alcoholics |
| General subdivision | Family relationships |
| 650 #0 - SUBJECT ADDED ENTRY--TOPICAL TERM | |
| Topical term or geographic name entry element | Adult children |
| General subdivision | Family relationships |
| 650 #4 - SUBJECT ADDED ENTRY--TOPICAL TERM | |
| Topical term or geographic name entry element | Self-help and empowerment |
| 650 #4 - SUBJECT ADDED ENTRY--TOPICAL TERM | |
| Topical term or geographic name entry element | Emotional health |
| 942 ## - ADDED ENTRY ELEMENTS (KOHA) | |
| Source of classification or shelving scheme | Dewey Decimal Classification |
| Koha item type | Books |
| Withdrawn status | Lost status | Source of classification or shelving scheme | Damaged status | Not for loan | Collection code | Home library | Current library | Shelving location | Date acquired | Total Checkouts | Full call number | Barcode | Date last seen | Price effective from | Koha item type |
|---|---|---|---|---|---|---|---|---|---|---|---|---|---|---|---|
| Dewey Decimal Classification | Non-fiction | Harvest Mission College | Harvest Mission College | General Stacks | 20.09.2018 | 362.29 K9295A | 001274 | 20.09.2018 | 20.09.2018 | Books |
